Η θέση της γυναίκας στη βυζαντινή κοινωνία

Αποθηκεύτηκε σε:
Λεπτομέρειες βιβλιογραφικής εγγραφής
Κύριος συγγραφέας: Νικολάου, Κατερίνα
Μορφή: Βιβλίο
Γλώσσα:Greek
Δημοσίευση: Αθήνα : Ιδρυμα Γουλανδρή-Χορν, 2000, 1993
Σειρά:Οψεις της βυζαντινής κοινωνίας = 1993 ; ; 6
Θέματα:
Ετικέτες: Προσθήκη ετικέτας
Δεν υπάρχουν, Καταχωρήστε ετικέτα πρώτοι!

MARC

LEADER 00000cam a2200000 i 4500
001 1/99874
008 950405r20001993 gre d
020 |a 960-7079-12-4 
035 |l 10011476 
040 |a GR-MY-UA  |b gre  |e aacr 
041 0 |a gre 
082 0 |a 305.4 
100 1 |a Νικολάου, Κατερίνα. 
245 1 2 |a Η θέση της γυναίκας στη βυζαντινή κοινωνία /  |c Κατερίνα Νικολάου 
260 |a Αθήνα :   |b Ιδρυμα Γουλανδρή-Χορν,   |c 2000, 1993 
300 |a 53 σ. 
490 1 |a Οψεις της βυζαντινής κοινωνίας  |v ; 6 
504 |a Περιέχει βιβλιογραφία. 
650 0 0 |a Women  |x Social conditions  |z Byzantine Empire. 
650 0 0 |a Women  |z Byzantine Empire. 
650 0 0 |a Women's rights  |z Byzantine Empire. 
830 0 |a Οψεις της βυζαντινής κοινωνίας = 1993 ;  |v ; 6 
852 |a INST  |b LESVOS  |e 19950405  |h 305.4 ΝΙΚ  |p 005100006410  |q 005100006410  |t BK  |y 0 
852 |a INST  |b LESVOS  |e 20090429  |h 305.4 ΝΙΚ  |p 005100044810  |q 005100044810  |t BK  |y 0 
901 |a BIBL1-2009-1 
909 |a Λ  |b 035330 
909 |a Λ  |b 141288 
922 |a 1ΕΛΗ  |b 199405  |c ΚΙΟΥΣΟΠΟΥΛΟΥ